Communicating effectively in English : Oral communication for non-native speakers

The second edition of Communicating Effectively in English presents a highly interactive, experiential format for developing stronger speaking and listening skills in a variety of contexts - interpersonal, small group, and large group. Many activities, examples, and assignments helps students sharpe...

Descripción completa

Guardado en:
Detalles Bibliográficos
Autor principal: Porter, Patricia A.
Formato: Libro
Lenguaje:Undetermined
Publicado: Boston, MA Heinle & Heinle 1992
Materias:
Etiquetas: Agregar Etiqueta
Sin Etiquetas, Sea el primero en etiquetar este registro!
Thư viện lưu trữ: Trung tâm Học liệu Trường Đại học Cần Thơ
LEADER 01315nam a2200229Ia 4500
001 CTU_123847
008 210402s9999 xx 000 0 und d
020 |c 139000 
082 |a 428.34 
082 |b P847 
100 |a Porter, Patricia A. 
245 0 |a Communicating effectively in English : 
245 0 |b Oral communication for non-native speakers 
245 0 |c Patricia A. Porter, Margaret Grant 
260 |a Boston, MA 
260 |b Heinle & Heinle 
260 |c 1992 
520 |a The second edition of Communicating Effectively in English presents a highly interactive, experiential format for developing stronger speaking and listening skills in a variety of contexts - interpersonal, small group, and large group. Many activities, examples, and assignments helps students sharpen their interview, discussion, and public speaking skills. As they progress from simpler informative speeches to more complex persuasive speeches, students learn to how to consider the interests of the audience, how to choose appropriate topics, how to organize and support their ideas, and how to prepare effective introductions and conclusions 
650 |a English language,Oral communication 
650 |x Textbooks for foreign speakers 
904 |i Minh 
980 |a Trung tâm Học liệu Trường Đại học Cần Thơ